| 000 | 00630nam a2200205Ia 4500 | ||
|---|---|---|---|
| 003 | GCL | ||
| 008 | 140319s9999 xx 000 0 ara d | ||
| 040 |
_aGCL / _cGCL |
||
| 082 | 0 | 4 |
_a327.114 _bح م |
| 100 | 1 | _aحمدى الطاهر | |
| 245 | 1 | 0 |
_aمستقبل المياة فى العالم العربى / _cحمدى الطاهر |
| 260 |
_a[S.N] : _bلجنة الاعلام والدراسات المستقبلية ، _c1991 |
||
| 300 | _a400ص | ||
| 490 | _a | ||
| 650 | 0 | 4 | _aالشرق الاوسط |
| 650 | 0 | 4 | _aالوطن العربى |
| 650 | 0 | 4 | _aالمياه |
| 650 | 0 | 4 | _aتوازن القوى |
| 942 |
_2ddc _cBK |
||
| 999 |
_c55282 _d55282 |
||